000 00364nam a22001577a 4500
003 MPLRDC
005 20220104142452.0
008 210129b ||||| |||| 00| 0 eng d
082 _a857.2 TH
100 _a不详
245 _a中国奇谈录
_c
260 _a
_b天虹杂志社
_c
300 _b
650 _a小说--笔记; 异闻
942 _cBK
_o857.2 TH
999 _c31144
_d31134